| 000 | 00858cam a2200241 a 4500 | ||
|---|---|---|---|
| 001 | 000017441 | ||
| 005 | 20200929165119.0 | ||
| 008 | 790712s1978 sp 000 p spa d | ||
| 020 | _a8432295272 | ||
| 035 | _a(DLC) 79358177 | ||
| 040 |
_aDO-SdBNP _bspa _cDLC _dDLC _dBNPHU |
||
| 082 |
_a861.6 _bA334p |
||
| 100 | 1 |
_aAlberti, Rafael, _d1902-1999. _99163 |
|
| 245 | 1 | 0 |
_aPoemas anteriores a "Marinero en tierra" : _bmarinero en tierra : la amante : dos estampidas reales : el alba del alhelí / _cRafael Alberti. |
| 260 |
_aBarcelona : _bSeix Barral, _c1978. |
||
| 300 |
_a408 p. ; _c20 cm. |
||
| 600 | 1 | 0 |
_aALBERTI, RAFAEL, _d1902-1999. _99163 |
| 650 | 4 |
_aPoesía española _9631 |
|
| 650 | 4 |
_aLiteratura española _ySIGLO XX _93326 |
|
| 830 | 0 |
_aBiblioteca breve _v6 _913442 |
|
| 830 | 0 |
_aBiblioteca breve ; _v6 _913442 |
|
| 910 | _aCatalogación por copia / LC | ||
| 999 |
_c16966 _d16966 |
||